| 000 | 00694nam a2200253Ia 4500 | ||
|---|---|---|---|
| 003 | OSt | ||
| 005 | 20220918222002.0 | ||
| 006 | a|||||r|||| 00| 0 | ||
| 007 | ta | ||
| 008 | 220917b |||||||| |||| 00| 0 eng d | ||
| 024 | _a214,136 | ||
| 037 | _cTextual | ||
| 040 |
_aARTS _cARTS _beng |
||
| 041 |
_2eng _aeng |
||
| 082 | _a4g, P1 | ||
| 100 |
_aAggarwal Vir Bala _9141872 |
||
| 245 | 0 | _aHandbook of journalism and mass communication | |
| 260 |
_aNew Delh _bConcept pub. co. _c2001 |
||
| 300 |
_axiii, 474 p _ccm. |
||
| 650 |
_aJOUNRALISM _93876 |
||
| 700 |
_a Gupta V.S. _9141873 |
||
| 942 |
_h4g, P1 _cTEXL _2CC |
||
| 999 |
_c274179 _d274179 |
||